[Event "Pristina Nderkombetar op"]
[Site "Pristina"]
[Date "2022.06.19"]
[Round "4"]
[White "Klisurica, Jashar"]
[Black "Sejdiu, Bekim"]
[Result "1-0"]
[WhiteElo "2051"]
[BlackElo "2175"]
[PlyCount "43"]
[EventDate "2022.06.17"]
[EventType "swiss"]
[EventRounds "9"]
[EventCountry "KOS"]
[SourceTitle "CBM 209 Extra"]
[Source "ChessBase"]
[SourceDate "2022.09.30"]
[SourceVersion "1"]
[SourceVersionDate "2022.09.30"]
[SourceQuality "1"]

1. e4 e5 2. Nf3 Nf6 3. Nxe5 d6 4. Nf3 Nxe4 5. c4 Be7 6. d4 0-0 7. Bd3 d5 8. 0-0 Bg4 9. cxd5 Qxd5 10. Qe2 Bxf3 11. gxf3 Ng5 12. Qxe7 Nxf3+ 13. Kh1 Ne5+ 14. f3 Nxd3 15. Nc3 Qd7 16. Qe4 Nxc1 17. Raxc1 Nc6 18. Nb5 Rae8 19. Qf4 Re2 20. Rg1 Rxb2 21. Rxg7+ Kh8 22. Qf6 1-0

[Event "Pristina Nderkombetar op"]
[Site "Pristina"]
[Date "2022.06.18"]
[Round "3"]
[White "Sejdiu, Bekim"]
[Black "Borhy, Marcell Boldizsar"]
[Result "1/2-1/2"]
[WhiteElo "2175"]
[BlackElo "2403"]
[PlyCount "133"]
[EventDate "2022.06.17"]
[EventType "swiss"]
[EventRounds "9"]
[EventCountry "KOS"]
[SourceTitle "CBM 209 Extra"]
[Source "ChessBase"]
[SourceDate "2022.09.30"]
[SourceVersion "1"]
[SourceVersionDate "2022.09.30"]
[SourceQuality "1"]

1. e4 c5 2. Nf3 d6 3. d4 cxd4 4. Nxd4 Nf6 5. Nc3 a6 6. Be3 e5 7. Nb3 Be6 8. f3 h5 9. Be2 Nbd7 10. 0-0 Be7 11. Qd2 Rc8 12. Rad1 0-0 13. Kh1 Qc7 14. Rc1 Nb6 15. Rfd1 Rfd8 16. Qe1 d5 17. Bxb6 Qxb6 18. exd5 Nxd5 19. Nxd5 Bxd5 20. Bd3 Bg5 21. Rb1 Qc7 22. Bf5 Rb8 23. Be4 Be6 24. Qe2 a5 25. a3 h4 26. h3 Qb6 27. Bd3 Bf4 28. Nd2 Qc7 29. Ne4 Rd4 30. Nc3 Rd7 31. Bb5 Rxd1+ 32. Rxd1 Rd8 33. Rxd8+ Qxd8 34. Qd3 Qxd3 35. Bxd3 Bc1 36. Nd1 f5 37. Kg1 Kf7 38. Kf2 Kf6 39. a4 Bd5 40. Ne3 Bc6 41. b3 e4 42. fxe4 fxe4 43. Bb5 Bxb5 44. axb5 Ba3 45. Nc4 Bc5+ 46. Ke2 b6 47. c3 Kf5 48. Nb2 Be7 49. Na4 Bd8 50. c4 Ke5 51. c5 bxc5 52. Nxc5 Kd5 53. Na4 Bc7 54. Ke3 Be5 55. Nb6+ Kc5 56. Nd7+ Kd6 57. Nxe5 Kxe5 58. b6 Kd6 59. Kxe4 Kc6 60. b7 Kxb7 61. Kd5 Kb6 62. Kc4 Kc6 63. b4 axb4 64. Kxb4 Kd5 65. Kc3 Ke4 66. Kd2 Kf4 67. Ke2 1/2-1/2